000 00616nam a2200241Ia 4500
003 OSt
005 20221005130146.0
006 a|||||r|||| 00| 0
007 ta
008 221004b |||||||| |||| 00| 0 tel d
024 _a39882
037 _cTextual
040 _aCRL
_cCRL
_btel
041 _2tel
_atel
082 _aV241:1xF00, 35K9.1-.7
100 _aSastri Lakshmi Narasimha
245 0 _aRaja tarangini
260 _c1969
300 _a70p.
_ccm.
650 _aHISTORY
942 _hV241:1xF00, 35K9.1-.7
_cTEXL
_2cc
999 _c1056264
_d1056264